000
00262nam a2200109Ia 4500
008
230907s9999||||xx |||||||||||||| ||und||
082
_a
158.1
_b
DIS
245
0
_a
You are the placebo :
260
_a
Hay House,
_b
New York :
_c
2014
300
_a
345 p.
942
_c
BK
999
_c
601175
_d
601175